Contemporary Oral and Maxillofacial Surgery / (Record no. 36269)

MARC details
000 -LEADER
fixed length control field 00496nam a22001817a 4500
005 - DATE AND TIME OF LATEST TRANSACTION
control field 20240802110454.0
008 - FIXED-LENGTH DATA ELEMENTS--GENERAL INFORMATION
fixed length control field 240802b |||||||| |||| 00| 0 eng d
020 ## - INTERNATIONAL STANDARD BOOK NUMBER
ISBN 9780323091770
082 ## - DEWEY DECIMAL CLASSIFICATION NUMBER
Classification number 617.522
Item number HUP-C
100 ## - MAIN ENTRY--AUTHOR
Author Name Hupp James R.
245 ## - TITLE STATEMENT
Title Contemporary Oral and Maxillofacial Surgery /
Statement of responsibility, etc. Hupp James R.
250 ## - EDITION STATEMENT
Edition statement 6th ed.
260 ## - PUBLICATION, DISTRIBUTION, ETC.
Place of Publication India;
Name of publisher, distributor, etc. Reed:
Date of publication, distribution, etc. 2014
300 ## - PHYSICAL DESCRIPTION
Pages xiii,703p.
500 ## - GENERAL NOTE
General note include index .
650 ## - SUBJECT ADDED ENTRY--TOPICAL TERM
Subject / Department Medical / Dentistry
300 ## - PHYSICAL DESCRIPTION
-- ill;
-- 27 cm.
952 ## - LOCATION AND ITEM INFORMATION (KOHA)
-- 0
-- 0
952 ## - LOCATION AND ITEM INFORMATION (KOHA)
-- 0
-- 0
952 ## - LOCATION AND ITEM INFORMATION (KOHA)
-- 0
-- 0
Holdings
Lost status Damaged status Collection code Permanent Location Current Location Shelving Location Date acquired Full Call Number Accession No./Barcode Date last seen Copy number item type Koha item type
    Medical Superior Information Resource Center (SIRC) Superior University- Central Library Superior Information Resource Center (SIRC) Superior University- Central Library Dentistry 08/02/2024 617.522 HUP-C 2014 13194 08/02/2024 1 BOOK BOOK
    Medical Superior Information Resource Center (SIRC) Superior University- Central Library Superior Information Resource Center (SIRC) Superior University- Central Library Dentistry 08/02/2024 617.522 HUP-C 2014 13200 08/02/2024 2 BOOK BOOK
    Medical Superior Information Resource Center (SIRC) Superior University- Central Library Superior Information Resource Center (SIRC) Superior University- Central Library Dentistry 08/02/2024 617.522 HUP-C 2014 13377 08/02/2024 3 BOOK BOOK

Powered by Koha